[Event "Budapest Vezerkepzo IM 08"]
[Site "Budapest"]
[Date "2024.09.04"]
[Round "10"]
[White "Pacher, Milan"]
[Black "Saketh, Pedagandham"]
[Result "1-0"]
[WhiteElo "2343"]
[BlackElo "2101"]
[PlyCount "71"]
[EventDate "2024.08.28"]
[EventType "tourn"]
[EventRounds "11"]
[EventCountry "HUN"]
[SourceTitle "EXT 2025"]
[Source "ChessBase"]
[SourceDate "2024.10.14"]
[SourceVersion "1"]
[SourceVersionDate "2024.10.14"]
[SourceQuality "1"]

1. e4 e5 2. Nf3 Nc6 3. Bc4 Bc5 4. c3 Nf6 5. d3 d6 6. Bg5 h6 7. Bh4 g5 8. Bg3 Bg4 9. Nbd2 Qd7 10. b4 Bb6 11. a4 a5 12. Bb5 Qe7 13. Nc4 Nd7 14. Ne3 Be6 15. h4 g4 16. Nd2 Bxe3 17. fxe3 h5 18. 0-0 0-0 19. d4 exd4 20. exd4 d5 21. bxa5 Nxa5 22. Bxc7 Rfc8 23. Bxa5 Rxa5 24. exd5 Bxd5 25. Qe1 Qxe1 26. Raxe1 Nb6 27. Rf5 Rxc3 28. Rg5+ Kh7 29. Rxh5+ Kg6 30. Rg5+ Kh6 31. Rxg4 Nxa4 32. Re8 Kh7 33. Re5 Rc1+ 34. Kf2 Kh6 35. Rxd5 Nc3 36. Rd8 1-0

[Event "Budapest Vezerkepzo IM 08"]
[Site "Budapest"]
[Date "2024.09.03"]
[Round "9"]
[White "Saketh, Pedagandham"]
[Black "Jakab, Attila"]
[Result "1/2-1/2"]
[WhiteElo "2101"]
[BlackElo "2252"]
[PlyCount "24"]
[EventDate "2024.08.28"]
[EventType "tourn"]
[EventRounds "11"]
[EventCountry "HUN"]
[SourceTitle "EXT 2025"]
[Source "ChessBase"]
[SourceDate "2024.10.14"]
[SourceVersion "1"]
[SourceVersionDate "2024.10.14"]
[SourceQuality "1"]

1. d4 d5 2. c4 c6 3. Nf3 Nf6 4. cxd5 cxd5 5. Nc3 Nc6 6. Bf4 a6 7. e3 Bg4 8. Be2 e6 9. 0-0 Bd6 10. Bxd6 Qxd6 11. Nd2 Bxe2 12. Qxe2 0-0 1/2-1/2

[Event "Budapest Vezerkepzo IM 08"]
[Site "Budapest"]
[Date "2024.08.28"]
[Round "1"]
[White "Czebe, Attila"]
[Black "Saketh, Pedagandham"]
[Result "1/2-1/2"]
[WhiteElo "2314"]
[BlackElo "2101"]
[PlyCount "40"]
[EventDate "2024.08.28"]
[EventType "tourn"]
[EventRounds "11"]
[EventCountry "HUN"]
[SourceTitle "EXT 2025"]
[Source "ChessBase"]
[SourceDate "2024.10.14"]
[SourceVersion "1"]
[SourceVersionDate "2024.10.14"]
[SourceQuality "1"]

1. e4 e5 2. Nf3 Nc6 3. Nc3 Nf6 4. Rb1 d5 5. exd5 Nxd5 6. Bb5 Nxc3 7. bxc3 Bd6 8. 0-0 0-0 9. Re1 Qf6 10. Bf1 h6 11. g3 Rb8 12. Bg2 Bg4 13. h3 Bd7 14. d4 exd4 15. cxd4 Rfe8 16. Rxe8+ Bxe8 17. c4 b6 18. Bb2 Rd8 19. Qe2 Bd7 20. Ne5 Qe7 1/2-1/2

[Event "Lignano Bella Italia op 3rd"]
[Site "Lignano Sabbiadoro"]
[Date "2024.08.18"]
[Round "3"]
[White "Saketh, Pedagandham"]
[Black "Maglioni, Leonardo"]
[Result "1/2-1/2"]
[WhiteElo "2051"]
[BlackElo "2195"]
[PlyCount "50"]
[EventDate "2024.08.17"]
[EventType "swiss"]
[EventRounds "9"]
[EventCountry "ITA"]
[SourceTitle "CBM 221 Extra"]
[Source "ChessBase"]
[SourceDate "2024.09.30"]
[SourceVersion "1"]
[SourceVersionDate "2024.09.30"]
[SourceQuality "1"]

1. e4 c5 2. c3 Nf6 3. e5 Nd5 4. d4 cxd4 5. Nf3 Nc6 6. Bc4 Nb6 7. Bb3 d5 8. exd6 e6 9. Nxd4 Nxd4 10. Qxd4 Qxd6 11. Be3 e5 12. Qxd6 Bxd6 13. Nd2 0-0 14. Ne4 Be7 15. 0-0-0 Nd7 16. Rd5 Nb8 17. Rxe5 Nc6 18. Rxe7 Nxe7 19. Bc5 Bd7 20. Bxe7 Rfe8 21. Nf6+ gxf6 22. Bxf6 a5 23. Rd1 Bf5 24. g4 Ra6 25. g5 a4 1/2-1/2

[Event "Lignano Bella Italia op 3rd"]
[Site "Lignano Sabbiadoro"]
[Date "2024.08.17"]
[Round "1"]
[White "Saketh, Pedagandham"]
[Black "Golubka, Petr"]
[Result "1/2-1/2"]
[WhiteElo "2051"]
[BlackElo "2390"]
[PlyCount "40"]
[EventDate "2024.08.17"]
[EventType "swiss"]
[EventRounds "9"]
[EventCountry "ITA"]
[SourceTitle "CBM 221 Extra"]
[Source "ChessBase"]
[SourceDate "2024.09.30"]
[SourceVersion "1"]
[SourceVersionDate "2024.09.30"]
[SourceQuality "1"]

1. e4 e6 2. d4 d5 3. exd5 exd5 4. Nf3 Nf6 5. Bd3 Bd6 6. 0-0 0-0 7. Bg5 Bg4 8. Nbd2 Nbd7 9. h3 Bh5 10. c3 c6 11. Qc2 Qc7 12. Rfe1 Rfe8 13. Kf1 Bf4 14. Rxe8+ Rxe8 15. Bxf4 Qxf4 16. Re1 Rxe1+ 17. Kxe1 Bxf3 18. Nxf3 g6 19. Qd2 Qxd2+ 20. Kxd2 Kf8 1/2-1/2

[Event "Dutch op"]
[Site "Velp"]
[Date "2024.07.29"]
[Round "6"]
[White "Van Foreest, Machteld"]
[Black "Saketh, Pedagandham"]
[Result "1/2-1/2"]
[WhiteElo "2272"]
[BlackElo "2051"]
[PlyCount "127"]
[EventDate "2024.07.23"]
[EventType "swiss"]
[EventRounds "9"]
[EventCountry "NED"]
[SourceTitle "EXT 2025"]
[Source "ChessBase"]
[SourceDate "2024.10.14"]
[SourceVersion "1"]
[SourceVersionDate "2024.10.14"]
[SourceQuality "1"]

1. e4 e5 2. Nf3 Nc6 3. Nc3 Nf6 4. h3 d5 5. exd5 Nxd5 6. Bb5 Nxc3 7. bxc3 Bd6 8. 0-0 0-0 9. d4 exd4 10. cxd4 h6 11. Bb2 Bf5 12. Bd3 Qf6 13. Rb1 Bxd3 14. Qxd3 Ne7 15. c4 Ng6 16. c5 Nf4 17. Qb3 Be7 18. Qxb7 c6 19. Ne5 Rfc8 20. Ng4 Qh4 21. Rfe1 Bf6 22. Qd7 h5 23. Ne5 Qg5 24. g3 Bxe5 25. Rxe5 Qg6 26. Qf5 Nxh3+ 27. Kf1 Qxf5 28. Rxf5 g6 29. Re5 Re8 30. Rbe1 Rxe5 31. Rxe5 Rb8 32. Bc3 g5 33. Kg2 f6 34. Rf5 g4 35. Rxf6 Rb1 36. Re6 Rg1+ 37. Kh2 Rc1 38. Bd2 Rd1 39. Be1 Kf7 40. Re5 Rxd4 41. Kg2 Rd1 42. Kf1 Ra1 43. Rxh5 Kg6 44. Rh8 Ng5 45. Ke2 Rxa2+ 46. Kd3 Ne6 47. Rc8 Nxc5+ 48. Ke3 Ra3+ 49. Ke2 Ra6 50. Rg8+ Kf5 51. Rf8+ Ke6 52. Bb4 Nd7 53. Re8+ Kf5 54. Bc3 c5 55. Kd3 Re6 56. Ra8 c4+ 57. Kd2 a6 58. Bd4 Ne5 59. Kc3 Rc6 60. Rf8+ Rf6 61. Rc8 Ke4 62. Bxe5 Rf3+ 63. Kxc4 Kxe5 64. Re8+ 1/2-1/2

[Event "Dutch op"]
[Site "Velp"]
[Date "2024.07.23"]
[Round "1"]
[White "Panjer, Sidney"]
[Black "Saketh, Pedagandham"]
[Result "0-1"]
[WhiteElo "2204"]
[BlackElo "2051"]
[PlyCount "78"]
[EventDate "2024.07.23"]
[EventType "swiss"]
[EventRounds "9"]
[EventCountry "NED"]
[SourceTitle "EXT 2025"]
[Source "ChessBase"]
[SourceDate "2024.10.14"]
[SourceVersion "1"]
[SourceVersionDate "2024.10.14"]
[SourceQuality "1"]

1. Nf3 Nf6 2. c4 e6 3. g3 b6 4. Bg2 Bb7 5. 0-0 Be7 6. d4 0-0 7. Re1 Ne4 8. Nfd2 d5 9. cxd5 exd5 10. Nxe4 dxe4 11. Nc3 f5 12. Bf4 Bd6 13. Bxd6 cxd6 14. Rc1 Nc6 15. e3 Rc8 16. Qa4 Na5 17. Bf1 a6 18. b4 Nc4 19. Red1 Rf7 20. Qb3 Rfc7 21. Rc2 d5 22. Rdc1 b5 23. a4 Bc6 24. Ra2 bxa4 25. Qd1 Bb5 26. Ne2 Nxe3 27. fxe3 Bxe2 28. Qxe2 Rxc1 29. Qxa6 Qg5 30. Re2 a3 31. Qxa3 h5 32. b5 Qg4 33. Rf2 h4 34. Qd6 hxg3 35. hxg3 R8c2 36. Rxc2 Rxc2 37. Qxd5+ Kh7 38. Bg2 Qd1+ 39. Kh2 Qf3 0-1

[Event "Lignano Bella Italia op 2nd"]
[Site "Lignano Sabbiadoro"]
[Date "2023.08.20"]
[Round "6"]
[White "Saketh, Pedagandham"]
[Black "Gennari, Jacopo"]
[Result "1-0"]
[WhiteElo "2025"]
[BlackElo "2190"]
[PlyCount "85"]
[EventDate "2023.08.17"]
[EventType "swiss"]
[EventRounds "9"]
[EventCountry "ITA"]
[SourceTitle "CBM 216 Extra"]
[Source "ChessBase"]
[SourceDate "2023.11.30"]
[SourceVersion "1"]
[SourceVersionDate "2023.11.30"]
[SourceQuality "1"]

1. e4 e6 2. d4 d5 3. Bd3 dxe4 4. Bxe4 Nf6 5. Bf3 c5 6. Ne2 Nc6 7. Be3 cxd4 8. Nxd4 Nxd4 9. Qxd4 Qxd4 10. Bxd4 Bd6 11. Nc3 e5 12. Nb5 Bb8 13. Bc5 e4 14. Be2 a6 15. Nd6+ Bxd6 16. Bxd6 Be6 17. 0-0-0 0-0-0 18. Be5 Nd5 19. Rd4 f6 20. Bg3 f5 21. Rc4+ Kd7 22. Rd1 Rc8 23. Rcd4 Ke7 24. Rxd5 Bxd5 25. Rxd5 g6 26. b3 Rc6 27. Bh4+ Ke6 28. Bc4 Rhc8 29. Rd1+ Ke5 30. g3 b5 31. f4+ exf3 32. Re1+ Kd4 33. Bd3 f2 34. Rf1 Ke3 35. g4 fxg4 36. Bxf2+ Kf4 37. Bh4+ Ke5 38. Kd2 h6 39. Re1+ Kf4 40. Re7 Rb6 41. Re4+ Kf3 42. Bg3 Rf8 43. Re2 1-0

[Event "Vlissingen HZ op 24th"]
[Site "Vlissingen"]
[Date "2022.08.08"]
[Round "4"]
[White "Saketh, Pedagandham"]
[Black "Van der Hagen, Loek"]
[Result "0-1"]
[WhiteElo "1947"]
[BlackElo "2135"]
[PlyCount "114"]
[EventDate "2022.08.06"]
[EventType "swiss"]
[EventRounds "9"]
[EventCountry "NED"]
[SourceTitle "CBM 209 Extra"]
[Source "ChessBase"]
[SourceDate "2022.09.30"]
[SourceVersion "1"]
[SourceVersionDate "2022.09.30"]
[SourceQuality "1"]

1. e4 e6 2. d4 d5 3. e5 c5 4. c3 Nc6 5. Nf3 Qb6 6. Bd3 Bd7 7. 0-0 cxd4 8. Re1 Nge7 9. Bc2 dxc3 10. Nxc3 Ng6 11. h4 Be7 12. g3 f6 13. exf6 gxf6 14. Bf5 Nf8 15. Bh6 0-0-0 16. Rc1 Kb8 17. Bf4+ Ka8 18. Bd3 Be8 19. Na4 Qa5 20. a3 e5 21. Bd2 Qc7 22. b4 a6 23. b5 axb5 24. Bxb5 Ne6 25. Qb3 e4 26. Be3 d4 27. Qxe6 dxe3 28. Rxe3 exf3 29. Bxc6 Bxc6 30. Nc5 Bxc5 31. Rxc5 Qd6 32. Qf5 Rhe8 33. Rxe8 Rxe8 34. Kh2 Kb8 35. Rc4 Re2 36. Rc2 Rxc2 37. Qxc2 Qxa3 38. g4 Qd6+ 39. Kh3 Qe7 40. Qd2 b6 41. Kg3 Qe5+ 42. Kh3 Bb5 43. Qd1 Ka7 44. Qb1 Kb8 45. Qd1 Bc6 46. h5 Kc7 47. Qb3 Qe7 48. h6 f5 49. g5 Qxg5 50. Qf7+ Kd6 51. Qf8+ Qe7 52. Qb8+ Kc5 53. Qf4 Qe4 54. Qc1+ Kd6 55. Qd2+ Kc7 56. Qf4+ Kb7 57. Qg5 Qg4+ 0-1

[Event "Dieren op"]
[Site "Dieren"]
[Date "2022.08.04"]
[Round "9"]
[White "Saketh, Pedagandham"]
[Black "Labruyere, Roger"]
[Result "1/2-1/2"]
[WhiteElo "1928"]
[BlackElo "2070"]
[PlyCount "113"]
[EventDate "2022.07.26"]
[EventType "swiss"]
[EventRounds "9"]
[EventCountry "NED"]
[SourceTitle "CBM 209 Extra"]
[Source "ChessBase"]
[SourceDate "2022.09.30"]
[SourceVersion "1"]
[SourceVersionDate "2022.09.30"]
[SourceQuality "1"]

1. c4 e5 2. Nc3 Nf6 3. Nf3 Nc6 4. e3 Bb4 5. a3 Bxc3 6. bxc3 0-0 7. d4 d6 8. Be2 Bg4 9. 0-0 e4 10. Nd2 Bxe2 11. Qxe2 Re8 12. Rb1 b6 13. Nb3 a5 14. a4 Qd7 15. c5 dxc5 16. dxc5 Ne5 17. cxb6 cxb6 18. Qa2 Qg4 19. Nd4 Rad8 20. Qe2 Qd7 21. Qb5 Qg4 22. Qe2 Qc8 23. Bd2 Qc4 24. Qxc4 Nxc4 25. Rfd1 Nd7 26. Nc6 Rc8 27. Na7 Ra8 28. Nb5 Rad8 29. Nc7 Rf8 30. Be1 Nc5 31. Nd5 Nxa4 32. Rd4 Nab2 33. Nxb6 Nxb6 34. Rxb2 Rb8 35. c4 Na4 36. Rxb8 Rxb8 37. h3 Rc8 38. Bxa5 f5 39. Rd8+ Rxd8 40. Bxd8 Kf7 41. g4 Ke8 42. Bc7 Nb2 43. c5 Nd3 44. Bd6 fxg4 45. hxg4 Kd7 46. Kg2 Kc6 47. Kg3 Kd5 48. Bf8 g6 49. Bd6 h5 50. gxh5 gxh5 51. Kh4 Nxf2 52. Kxh5 Nd1 53. Kg4 Nxe3+ 54. Kf4 Nc4 55. Bf8 Ne5 56. Bd6 Nd3+ 57. Ke3 1/2-1/2

[Event "Dieren op"]
[Site "Dieren"]
[Date "2022.08.03"]
[Round "8"]
[White "Saketh, Pedagandham"]
[Black "Roorda, Thijs"]
[Result "1-0"]
[WhiteElo "1928"]
[BlackElo "2113"]
[PlyCount "87"]
[EventDate "2022.07.26"]
[EventType "swiss"]
[EventRounds "9"]
[EventCountry "NED"]
[SourceTitle "CBM 209 Extra"]
[Source "ChessBase"]
[SourceDate "2022.09.30"]
[SourceVersion "1"]
[SourceVersionDate "2022.09.30"]
[SourceQuality "1"]

1. Nf3 e6 2. g3 f5 3. Bg2 Nf6 4. c4 Be7 5. 0-0 0-0 6. Nc3 d6 7. d4 Ne4 8. Nxe4 fxe4 9. Nd2 d5 10. f3 Nc6 11. e3 exf3 12. Nxf3 Bf6 13. b3 Qe7 14. Bb2 dxc4 15. bxc4 e5 16. dxe5 Rd8 17. exf6 Qxe3+ 18. Kh1 Rxd1 19. f7+ Kxf7 20. Raxd1 Kg8 21. Rde1 Qc5 22. Re8+ Kf7 23. Rh8 Rb8 24. Ng5+ Kg6 25. Be4+ Bf5 26. Rxf5 Qxf5 27. Rxb8 Nxb8 28. Bxf5+ Kxf5 29. h4 h6 30. Nf3 g5 31. hxg5 hxg5 32. Kg2 c5 33. Ne5 Na6 34. Kf3 Nc7 35. g4+ Ke6 36. Ke4 Ne8 37. Nf3 Nd6+ 38. Kd3 Nf7 39. Bg7 a6 40. a4 a5 41. Bc3 b6 42. Bg7 Ke7 43. Ke4 Ke6 44. Be5 1-0

[Event "Dieren op"]
[Site "Dieren"]
[Date "2022.08.02"]
[Round "7"]
[White "Kohler, Aran"]
[Black "Saketh, Pedagandham"]
[Result "1/2-1/2"]
[WhiteElo "2121"]
[BlackElo "1928"]
[PlyCount "89"]
[EventDate "2022.07.26"]
[EventType "swiss"]
[EventRounds "9"]
[EventCountry "NED"]
[SourceTitle "CBM 209 Extra"]
[Source "ChessBase"]
[SourceDate "2022.09.30"]
[SourceVersion "1"]
[SourceVersionDate "2022.09.30"]
[SourceQuality "1"]

1. d4 Nf6 2. Bg5 e6 3. e3 c5 4. c3 b6 5. Nd2 Bb7 6. Ngf3 Be7 7. Bd3 d6 8. h4 Nbd7 9. Qe2 cxd4 10. exd4 h6 11. Bxf6 Bxf6 12. Be4 d5 13. Bd3 a6 14. 0-0-0 b5 15. Kb1 Nb6 16. g4 Nc4 17. g5 Be7 18. g6 0-0 19. gxf7+ Kxf7 20. Nb3 Qb6 21. Rhg1 b4 22. cxb4 Bxb4 23. Bxc4 dxc4 24. Ne5+ Kg8 25. Nxc4 Qc6 26. Rg4 h5 27. d5 Qe8 28. Re4 Bxd5 29. Rxd5 exd5 30. Rxe8 Raxe8 31. Ne3 Be7 32. Qxh5 Bf6 33. Qxd5+ Kh8 34. Nc5 Re5 35. Qd6 Rd8 36. Nd7 Re7 37. Qxa6 Rexd7 38. a4 Rd2 39. Nc4 Rxf2 40. Qb6 Rd4 41. Qc5 Rff4 42. Qh5+ Kg8 43. Qe8+ Kh7 44. Qh5+ Kg8 45. Qe8+ 1/2-1/2

[Event "Dieren op"]
[Site "Dieren"]
[Date "2022.07.29"]
[Round "4"]
[White "Saketh, Pedagandham"]
[Black "Achuthan, Dylan"]
[Result "1/2-1/2"]
[WhiteElo "1928"]
[BlackElo "1989"]
[PlyCount "60"]
[EventDate "2022.07.26"]
[EventType "swiss"]
[EventRounds "9"]
[EventCountry "NED"]
[SourceTitle "CBM 209 Extra"]
[Source "ChessBase"]
[SourceDate "2022.09.30"]
[SourceVersion "1"]
[SourceVersionDate "2022.09.30"]
[SourceQuality "1"]

1. e4 c5 2. c3 d5 3. exd5 Qxd5 4. d4 Nc6 5. Nf3 Bg4 6. Be2 cxd4 7. cxd4 e6 8. 0-0 Nf6 9. Nc3 Qa5 10. Re1 Bb4 11. Bd2 0-0 12. a3 Bxc3 13. Bxc3 Qb6 14. h3 Bxf3 15. Bxf3 Rfd8 16. Bxc6 Qxc6 17. Re5 Rd5 18. Qf3 Rc8 19. Rae1 Rxe5 20. dxe5 Qxf3 21. gxf3 Nd5 22. Bd2 Rc2 23. Rc1 Rxc1+ 24. Bxc1 Kf8 25. Kf1 Ke8 26. Ke2 Kd7 27. Kd3 Kc6 28. Bd2 Kb5 29. b3 Kc5 30. Be3+ Nxe3 1/2-1/2

[Event "Cattolica Vergani Cup"]
[Site "Cattolica"]
[Date "2021.12.28"]
[Round "4"]
[White "Saketh, Pedagandham"]
[Black "Nandhidhaa, PV."]
[Result "0-1"]
[WhiteElo "1875"]
[BlackElo "2313"]
[PlyCount "96"]
[EventDate "2021.12.26"]
[EventType "swiss"]
[EventRounds "9"]
[EventCountry "ITA"]
[SourceTitle "CBM 206 Extra"]
[Source "ChessBase"]
[SourceDate "2022.03.31"]
[SourceVersion "1"]
[SourceVersionDate "2022.03.31"]
[SourceQuality "1"]

1. e4 c5 2. c3 Nf6 3. e5 Nd5 4. Nf3 d6 5. d4 cxd4 6. cxd4 Nc6 7. Bc4 dxe5 8. dxe5 Be6 9. 0-0 g6 10. Qe2 Bg7 11. Rd1 Qa5 12. Bb3 h6 13. Bd2 Qc7 14. Nc3 Nxc3 15. Bxc3 Bxb3 16. axb3 e6 17. b4 Ne7 18. Qb5+ Qc6 19. Nd4 Qxb5 20. Nxb5 Nd5 21. Rxd5 exd5 22. Nc7+ Ke7 23. Nxa8 Rxa8 24. f4 Ke6 25. Kf2 Bf8 26. g4 a6 27. Ke2 Rc8 28. Rf1 Rc4 29. f5+ gxf5 30. gxf5+ Kd7 31. e6+ Ke8 32. exf7+ Kxf7 33. Rd1 Bxb4 34. Rxd5 Bxc3 35. bxc3 Kf6 36. Rd7 Rxc3 37. Rxb7 Rc6 38. Kf3 Kxf5 39. Rf7+ Ke5 40. Kg4 Kd4 41. h4 Kc4 42. h5 a5 43. Rg7 a4 44. Ra7 Kb4 45. Rb7+ Ka5 46. Kf5 a3 47. Rb3 Ka4 48. Rb8 Ra6 0-1

[Event "Innsbruck op 5th"]
[Site "Innsbruck"]
[Date "2021.08.24"]
[Round "5"]
[White "Saketh, Pedagandham"]
[Black "Carnot, Luca"]
[Result "1-0"]
[WhiteElo "1841"]
[BlackElo "2072"]
[PlyCount "47"]
[EventDate "2021.08.21"]
[EventType "swiss"]
[EventRounds "9"]
[EventCountry "AUT"]
[SourceTitle "CBM 204 Extra"]
[Source "ChessBase"]
[SourceDate "2021.11.30"]
[SourceVersion "1"]
[SourceVersionDate "2021.11.30"]
[SourceQuality "1"]

1. e4 c6 2. d4 d5 3. exd5 cxd5 4. c4 Nf6 5. Nc3 e6 6. c5 Bd7 7. Nf3 b6 8. b4 a5 9. Na4 bxc5 10. bxc5 Nc6 11. Bb5 Ne4 12. Nb6 Nc3 13. Bxc6 Nxd1 14. Bxd7+ Ke7 15. Ne5 Kf6 16. Bg5+ Kxg5 17. Nxf7+ Kf4 18. Nxd8 Rxd8 19. Rxd1 e5 20. Nxd5+ Kg5 21. h4+ Kh6 22. c6 Bd6 23. dxe5 Bxe5 24. 0-0 1-0

[Event "Biel ATO op 54th"]
[Site "Biel"]
[Date "2021.08.03"]
[Round "8"]
[White "Saketh, Pedagandham"]
[Black "Musaelyan, Arshavir"]
[Result "1-0"]
[WhiteElo "1841"]
[BlackElo "1922"]
[PlyCount "81"]
[EventDate "2021.07.26"]
[EventType "swiss"]
[EventRounds "9"]
[EventCountry "SUI"]
[SourceTitle "EXT 2022"]
[Source "ChessBase"]
[SourceDate "2021.10.06"]
[SourceVersion "1"]
[SourceVersionDate "2021.10.06"]
[SourceQuality "1"]

1. e4 c5 2. Nf3 Nc6 3. d4 cxd4 4. Nxd4 Nf6 5. Nc3 e5 6. Ndb5 d6 7. Nd5 Nxd5 8. exd5 Nb8 9. a4 Be7 10. Bd2 a6 11. Na3 a5 12. Bb5+ Nd7 13. Nc4 0-0 14. 0-0 f5 15. f4 Bf6 16. fxe5 Nxe5 17. Nxe5 Bxe5 18. Qc1 Qf6 19. Bg5 Qf7 20. Qd2 f4 21. Rae1 h6 22. Bh4 Qh5 23. Be7 Rf5 24. Rxe5 dxe5 25. d6 Kh8 26. d7 Bxd7 27. Qxd7 f3 28. Qxb7 Rg8 29. Rxf3 Rf4 30. Rxf4 exf4 31. Qe4 Qd1+ 32. Kf2 Rc8 33. Bd3 Qd2+ 34. Kf3 Qe3+ 35. Qxe3 fxe3 36. Bh4 Re8 37. Ke2 Re5 38. Bg3 Re7 39. Be1 Re5 40. Bc3 Rg5 41. g3 1-0

[Event "Budapest FS02 Nadassy"]
[Site "Budapest"]
[Date "2018.02.08"]
[Round "6.1"]
[White "Saketh, Pedagandham"]
[Black "Kaposztas, Miklos"]
[Result "0-1"]
[WhiteElo "1664"]
[BlackElo "2016"]
[PlyCount "78"]
[EventDate "2018.02.02"]
[EventType "schev"]
[EventRounds "10"]
[EventCountry "HUN"]
[SourceTitle "EXT 2022"]
[Source "ChessBase"]
[SourceDate "2021.10.06"]
[SourceVersion "1"]
[SourceVersionDate "2021.10.06"]
[SourceQuality "1"]
[WhiteTeam "Team B Lower Elo"]
[BlackTeam "Team A Higher Elo"]
[WhiteTeamCountry "IND"]
[BlackTeamCountry "HUN"]

1. e4 e6 2. Nf3 c5 3. Nc3 Nc6 4. d4 cxd4 5. Nxd4 Qc7 6. Nxc6 bxc6 7. Bd3 Nf6 8. 0-0 d5 9. Qe2 d4 10. Na4 Bd7 11. c3 c5 12. Bb5 Qa5 13. Bxd7+ Nxd7 14. b3 dxc3 15. Qc2 Be7 16. Nxc3 Rc8 17. Bd2 Qa6 18. Rac1 0-0 19. Na4 Nb6 20. Nxb6 axb6 21. a4 Bf6 22. Qc4 Qa8 23. Bc3 Bxc3 24. Rxc3 Rfd8 25. Rd3 Rxd3 26. Qxd3 c4 27. bxc4 Qxa4 28. Rc1 g6 29. g3 Qc6 30. Qd4 Qc5 31. Qf6 b5 32. Rd1 bxc4 33. e5 c3 34. Rd8+ Rxd8 35. Qxd8+ Qf8 36. Qc7 Qb4 37. h4 Qd4 38. Kg2 h5 39. Kh3 Qd1 0-1

[Event "Budapest FS02 Nadassy"]
[Site "Budapest"]
[Date "2018.02.02"]
[Round "1.1"]
[White "Kaposztas, Miklos"]
[Black "Saketh, Pedagandham"]
[Result "1/2-1/2"]
[WhiteElo "2016"]
[BlackElo "1664"]
[PlyCount "94"]
[EventDate "2018.02.02"]
[EventType "schev"]
[EventRounds "10"]
[EventCountry "HUN"]
[SourceTitle "EXT 2022"]
[Source "ChessBase"]
[SourceDate "2021.10.06"]
[SourceVersion "1"]
[SourceVersionDate "2021.10.06"]
[SourceQuality "1"]
[WhiteTeam "Team A Higher Elo"]
[BlackTeam "Team B Lower Elo"]
[WhiteTeamCountry "HUN"]
[BlackTeamCountry "IND"]

1. c4 f5 2. g3 Nf6 3. Bg2 g6 4. b3 Bg7 5. Bb2 0-0 6. Nf3 d6 7. d4 Ne4 8. Nbd2 Nxd2 9. Qxd2 Nc6 10. Rd1 Qe8 11. 0-0 e5 12. d5 Nd8 13. Rc1 b6 14. b4 Nf7 15. c5 Ba6 16. Rfe1 bxc5 17. bxc5 Rb8 18. cxd6 cxd6 19. Rc7 Qb5 20. Rc2 Rfc8 21. Rec1 Rxc2 22. Rxc2 Qa4 23. Bf1 Bh6 24. e3 Bxf1 25. Kxf1 Qxa2 26. Kg2 Qa4 27. Qd1 Qe4 28. h4 g5 29. Kg1 g4 30. Nh2 Rb5 31. Rd2 a5 32. Nf1 a4 33. Qa1 Rxd5 34. Rxd5 Qxd5 35. Qxa4 Bf8 36. Qd7 Qb3 37. Ba1 Qa3 38. Qxf5 Qxa1 39. Qxg4+ Kh8 40. Qe6 Kg7 41. g4 Qb1 42. Qd7 Kg8 43. Kg2 Qe4+ 44. Kg3 h5 45. g5 Qg6 46. Kh3 Qe4 47. Ng3 Qg6 1/2-1/2